Nutritive value of rubber seed (Hevea beasiliensis) meal: Utilization by growing pigs of semipurified diets in which rubber seed meal partially replaced soybean meal (Record no. 47449)

MARC details
000 -LEADER
fixed length control field 00538nam a2200169Ia 4500
100 ## - MAIN ENTRY--AUTHOR NAME
Personal name Babatunde G M
245 #0 - TITLE STATEMENT
Title Nutritive value of rubber seed (Hevea beasiliensis) meal: Utilization by growing pigs of semipurified diets in which rubber seed meal partially replaced soybean meal
650 ## - SUBJECT ADDED ENTRY--TOPICAL TERM
Topical Term Diets
650 ## - SUBJECT ADDED ENTRY--TOPICAL TERM
Topical Term Hevea brasiliensis
650 ## - SUBJECT ADDED ENTRY--TOPICAL TERM
Topical Term Nutritive value
650 ## - SUBJECT ADDED ENTRY--TOPICAL TERM
Topical Term Pigs
650 ## - SUBJECT ADDED ENTRY--TOPICAL TERM
Topical Term Rubber seed meal
650 ## - SUBJECT ADDED ENTRY--TOPICAL TERM
Topical Term Utilization
700 ## - ADDED ENTRY--PERSONAL NAME
Personal name Peo E R Jr.
942 ## - ADDED ENTRY ELEMENTS (KOHA)
Koha item type Bibliography RLSE
Holdings
Withdrawn status Lost status Damaged status Not for loan Home library Current library Date acquired Koha item type
      Bibliography RRII Library RRII Library 31/12/2021 Bibliography RLSE